00684nam a2200241 a 4500001001300000003000900013005001700022008004100039020001000080082001600090100002300106245003400129260003200163300000900195500003500204505001400239650002200253700002300275902000800298942000700306952011600313999001300429nice12345678IN_TiNIC20260116011303.0050524s1933 luca grp 000 0 urd  ac10000a297.63bTHA aThanwi, Ashraf Ali aNashrut Tayyab Fi Zikrun Nabi aLucknowbAhmadi Pressc1933 a254p aincludes index and biblioraphy2 areference aMuhammad, Prophet1 aThanwi, Ashraf Ali bSRS cBK 001040708StackRoom-aHMIbHMId2007-07-10g100.00l0o297.63 THAp04086r2007-07-10v100.00w2005-05-24yBK c184d184